Hóa học phân tích Phần 1 Lý thuyết cơ sở

সংরক্ষণ করুন:
গ্রন্থ-পঞ্জীর বিবরন
প্রধান লেখক: Nguyễn Tinh Dung (Tác giả)
বিন্যাস: গ্রন্থ
ভাষা:Vietnamese
প্রকাশিত: H. Giáo dục 1981
সংস্করন:In lần 2
বিষয়গুলি:
ট্যাগগুলো: ট্যাগ যুক্ত করুন
কোনো ট্যাগ নেই, প্রথমজন হিসাবে ট্যাগ করুন!
Thư viện lưu trữ: Mạng thư viện Đại học Đà Nẵng
LEADER 01127nam a2200349 4500
001 000010169
003 6369
005 20111117141102.0
008 111117s1981 viesd
020 |c 8đ 
041 0 |a vie 
082 |a 543  |b NG-D 
100 0 |a Nguyễn Tinh Dung  |e Tác giả 
245 1 0 |a Hóa học phân tích  |c Nguyễn Tinh Dung  |n Phần 1  |p Lý thuyết cơ sở 
250 |a In lần 2 
260 |a H.  |b Giáo dục  |c 1981 
300 |a 307 tr.  |c 19 cm 
653 |a Giáo trình 
653 |a Hóa học phân tích 
700 |a Nguyễn Tinh Dung  |e Tác giả 
773 |t Hóa học phân tích  |w 4684 
910 |a duyên  |d 18/10/2011 
OWN |a LSP 
AVA |a UDN50  |b LSP  |d 543 NG-D  |e unavailable  |t Error 5002 Not defined in file expand_doc_bib_avail.  |f 1  |g 1  |h N  |i 0  |k 1 
999 |a From the UDN01 
AVA |a UDN50  |b LSP  |d 543 NG-D  |e unavailable  |t Error 5002 Not defined in file expand_doc_bib_avail.  |f 1  |g 1  |h N  |i 0  |k 1 
TYP |a Monograph 
TYP |a Printed language 
980 |a Mạng thư viện Đại học Đà Nẵng